| 000 | 00710nam a2200241Ia 4500 | ||
|---|---|---|---|
| 003 | OSt | ||
| 005 | 20220928121354.0 | ||
| 006 | a|||||r|||| 00| 0 | ||
| 007 | ta | ||
| 008 | 220927b |||||||| |||| 00| 0 eng d | ||
| 024 | _a26522 | ||
| 037 | _cTextual | ||
| 040 |
_aSDCL _cSDCL _beng |
||
| 041 |
_2eng _aeng |
||
| 082 | _aV1N4:2'N45, K9 | ||
| 100 |
_aGoodrich Leland M _9451691 |
||
| 245 | 0 |
_aCharter of the United Nations _b Commentary and documents. |
|
| 260 |
_aLondon _bColumbia University Press _c1969 |
||
| 300 |
_axii,732p _ccm. |
||
| 700 |
_a Hambro Edvard _9451692 |
||
| 942 |
_hV1N4:2'N45, K9 _cTEXL _2CC |
||
| 999 |
_c765726 _d765726 |
||